000 00679nam a2200217Ia 4500
003 GCL
008 140319s9999 xx 000 0 ara d
040 _aGCL /
_cGCL
082 0 4 _a371.91
_bم ت
100 1 _aمايلز , كريستين
245 1 0 _aالتربية المختصة : دليل لتعليم الاطفال المعوقين عقليا /
_cمايلز , كريستين
300 _a308 ص
490 _a
650 0 4 _aالاسرة
650 0 4 _aالوراثة
650 0 4 _aتعليم الاطفال
650 0 4 _aالرعاية الذهنية
650 0 4 _aالتكيف الاجتماعى
650 0 4 _aالاطفال المعوقون
942 _2ddc
_cBK
999 _c39616
_d39616